00415 2200157 4500001002100000005001500021035002000036245005800056100001800114300002600132260004300158082000800201084001400209020002200223990001200245INLIS00000000000305920250919085601 a0010-09250004061 aAnak Kecil Yang Kehilangan Pundaknya /cKhoirul Trian0 aKhoirul Trian a164 hlm ;c13 x 19 cm aYogyakarta :bGradien Mediatama,c2023 a813 a813 KHO a a978-602-208-250-7 a0755576